000
00243nam a2200097Ia 4500
001
640782
005
20250826153454.0
008
250824s9999 xx 000 0 und d
245
0
_a
AMAN ÖĞRETMEN DUYMASIN
_c
ŞAKİR URAL
260
_b
GENÇ TİMAŞ
999
_c
640782
_d
640782